1151 1226 1651 1921 1507 1592 1963 1680 1616 1696 1422 1495 1804 1175 1367 1467 1370 1629 1509 1471 1060 1232 1425 1036 1277 1842 1860 1871 1467 1672 1697 1353 1831 1089 1532 1357 1623 1615 1501 1088 1384 1478 1267 1908 1394 1569 1718 1158 1904 1889 1808 1027 1835 1478 1294 1114 1497 1922 1940 1498 1408 1425 1990 1674 1832 1329 1808 1068 2000 1978 1112 1972 1684 1373 1722 1957 1939 1255 1966 1822 1490 1435 1508 1940 1048 1802 1009 1770 1667 1315 1014 1518 1654 1882 1701 1415 1854 1489 1353 BCNSPRNW ULIB Ver.6.0+V

เปลี่ยนเป็นภาษาไทย

Change to English
 แสดงรายละเอียดบรรณานุกรม
  กลับหน้าหลัก

Brief Record : Get Marc (ISO 2709) : E-mail record : QR code < ปิดหน้าต่าง
LEADER : 00000nam 2200000uu 4500
001    13399124286
003     ULIB
008    150217s2557||||th 000 0 tha d
020    ^a9789742935405
060  4 ^aWY18^bม121ร
100 0  มนฑาทิพย์ ไชยศักดิ์.
245 00 ^aระเบียบวิธีการสอนการพยาบาลในคลินิก/^cมนฑาทิพย์ ไชยศักดิ์.
250    ^aพิมพ์ครั้งที่ 2.
260    ^aนนทบุรี:^bโครงการสวัสดิการวิชาการ สถาบันพระบรมราชชนก,^c2557.
300    ^a110 หน้า
650  0 การพยาบาล^xการสอน.
650  0 การพยาบาล
710 1  สถาบันพระบรมราชชนก.^bโครงการสวัสดิการวิชาการ .
945    ^p110^l0^i22851
945    ^p110^l0^i22852
945    ^p110^l0^i22853
999    ^aทศพร เกษรทอง
รายการนี้ยังไม่มีแท็ก
คุณยังไม่ได้ล็อกอิน คุณสามารถมีกิจกรรมร่วมกับเว็บไซต์ได้ แต่ต้องล็อกอินก่อน ::
  ล็อกอิน

รายการสื่อสารสนเทศ

ลำดับที่ ประเภท เลขเรียก/บาร์โค้ด สถานที่ สถานะ
1. Book การพยาบาล
Book การพยาบาล
สถานะ=หนังสือเก่า
WY18 ม121ร ฉ.1 
  Barcode: 22851
ห้องสมุดวิทยาเขตนครสวรรค์
►ส่วนจัดเก็บหนังสือเก่า นว.
บนชั้น
  ขอยืม
2. Book การพยาบาล
Book การพยาบาล
สถานะ=หนังสือเก่า
WY18 ม121ร ฉ.2 
  Barcode: 22852
ห้องสมุดวิทยาเขตนครสวรรค์
►ส่วนจัดเก็บหนังสือเก่า นว.
บนชั้น
  ขอยืม
3. Book การพยาบาล
Book การพยาบาล
สถานะ=หนังสือเก่า
WY18 ม121ร ฉ.3 
  Barcode: 22853
ห้องสมุดวิทยาเขตนครสวรรค์
►ส่วนจัดเก็บหนังสือเก่า นว.
บนชั้น
  ขอยืม

รายการใกล้เคียง
    ผู้แต่ง [มนฑาทิพย์ ไชยศักดิ์.]

    หัวเรื่อง [การพยาบาล]

BibComment


ยังไม่เคยถูกคอมเมนท์

คอมเมนท์ทรัพยากรรายการนี้
  คอมเมนท์: ระเบียบวิธีการสอ..


 Copyright 2026. Bcnsprnw @Library